[Event "Finlux Ladies Cup 1984"]
[Site "Helsinge"]
[Date "1984.10.12"]
[Round "1"]
[White "Dahl, Ingrid"]
[Black "Theander, Maj"]
[Result "1/2-1/2"]
[WhiteElo "1905"]
[BlackElo "1900"]
[PlyCount "41"]
[EventDate "1984.10.12"]
[EventType "tourn"]
[EventRounds "9"]
[EventCountry "DEN"]
[SourceVersionDate "2020.04.14"]

1. e4 c6 2. d4 d5 3. exd5 cxd5 4. c4 Nf6 5. Nc3 Nc6 6. Nf3 e6 7. Bd3 Be7 8. O-O
O-O 9. Re1 Nb4 10. Bf1 dxc4 11. Bxc4 Nbd5 12. Ne5 a6 13. a3 Re8 14. Qd3 b5 15.
Nxd5 Nxd5 16. Bb3 Bb7 17. Bc2 Nf6 18. Bg5 g6 19. Rad1 Rc8 20. Bb1 Qd5 21. Qh3
1/2-1/2

[Event "Finlux Ladies Cup 1984"]
[Site "Helsinge"]
[Date "1984.10.12"]
[Round "1"]
[White "Berg, Tine"]
[Black "Hoiberg, Nina"]
[Result "1-0"]
[WhiteElo "1900"]
[BlackElo "2120"]
[PlyCount "55"]
[EventDate "1984.10.12"]
[EventType "tourn"]
[EventRounds "9"]
[EventCountry "DEN"]
[SourceVersionDate "2020.04.14"]

1. e4 e5 2. Nc3 Nc6 3. g3 Nf6 4. Bg2 d6 5. Nge2 Be7 6. d3 O-O 7. O-O Ne8 8. f4
f5 9. exf5 exf4 10. Bxf4 Bxf5 11. Nd5 Bg4 12. h3 Bh5 13. Qd2 Nf6 14. Nxe7+ Nxe7
15. Nd4 Qd7 16. Bg5 Rae8 17. Bxf6 gxf6 18. Qh6 Bg6 19. Rae1 c6 20. Ne6 Rf7 21.
g4 Kh8 22. Nf4 Rg8 23. Rf2 f5 24. Rfe2 Rgg7 25. Rxe7 Rxe7 26. Nxg6+ Kg8 27.
Rxe7 Rxe7 28. Qf8# 1-0

[Event "Finlux Ladies Cup 1984"]
[Site "Helsinge"]
[Date "1984.10.12"]
[Round "1"]
[White "Borisova, Borislava"]
[Black "Van der Mije, Alexandra"]
[Result "0-1"]
[WhiteElo "2140"]
[BlackElo "2115"]
[Annotator "lqf774"]
[PlyCount "68"]
[EventDate "1984.10.12"]
[EventType "tourn"]
[EventRounds "9"]
[EventCountry "DEN"]
[SourceVersionDate "2020.04.14"]

1. Nf3 d5 2. g3 Nf6 3. Bg2 e6 4. O-O Be7 5. c4 O-O 6. b3 c5 7. Bb2 Nc6 8. d3 d4
9. e3 e5 10. h3 dxe3 11. Nxe5 exf2+ 12. Rxf2 Nd4 13. Nf3 Nf5 14. Qd2 Nxg3 15.
Be5 Ngh5 16. Nc3 a5 17. Nb5 Ne8 18. Re1 Ra6 19. Bh2 Be6 20. Re5 g6 21. d4 cxd4
22. Nfxd4 Qc8 23. Nxe6 Rxe6 24. Rxe6 Qxe6 25. Re2 Bc5+ 26. Kh1 Qf5 27. Nd4 Qf6
28. Be5 Qh4 29. Nf3 Qe7 30. Bh2 Qf6 31. Be5 Qb6 32. Qh6 f6 33. Bh2 Neg7 34. Qc1
Nf5 {Time} 0-1

[Event "Finlux Ladies Cup 1984"]
[Site "Helsinge"]
[Date "1984.10.12"]
[Round "1"]
[White "Needham, Teresa"]
[Black "Hund, Barbara"]
[Result "1/2-1/2"]
[WhiteElo "2075"]
[BlackElo "2270"]
[PlyCount "98"]
[EventDate "1984.10.12"]
[EventType "tourn"]
[EventRounds "9"]
[EventCountry "DEN"]
[SourceVersionDate "2020.04.14"]

1. e4 c5 2. Nf3 d6 3. d4 cxd4 4. Nxd4 Nf6 5. Nc3 Nc6 6. Bg5 e6 7. Qd2 a6 8.
O-O-O h6 9. Bf4 d5 10. exd5 exd5 11. Qe3+ Be7 12. Be2 O-O 13. Qg3 Kh8 14. Bf3
Nxd4 15. Rxd4 Be6 16. Be5 Rg8 17. Rhd1 Qa5 18. Kb1 Ne4 19. Bxe4 dxe4 20. Qf4
Bg5 21. Qxe4 Rac8 22. Ra4 Qc5 23. f4 Bd8 24. f5 Bc4 25. Qxb7 Bg5 26. Bd6 Qxf5
27. Qe4 Qxe4 28. Nxe4 Rge8 29. Nxg5 hxg5 30. Ra5 f6 31. b3 Be2 32. Re1 Rc6 33.
Bg3 Kg8 34. Kb2 Kf7 35. Rd5 Rce6 36. c4 Bh5 37. Rd7+ R8e7 38. Rxe7+ Kxe7 39.
Kc3 Rxe1 40. Bxe1 Kd6 41. Kb4 Kc6 42. Bc3 Bg6 43. Ka5 Kb7 44. a3 Be4 45. g3 g4
46. b4 Bd3 47. c5 Kc6 48. a4 Be2 49. Bd4 Bd3 1/2-1/2

[Event "Finlux Ladies Cup 1984"]
[Site "Helsinge"]
[Date "1984.10.12"]
[Round "1"]
[White "Haahr, Merete"]
[Black "Larsen, Ingrid"]
[Result "1-0"]
[WhiteElo "1965"]
[BlackElo "1895"]
[PlyCount "99"]
[EventDate "1984.10.12"]
[EventType "tourn"]
[EventRounds "9"]
[EventCountry "DEN"]
[SourceVersionDate "2020.04.14"]

1. g3 d5 2. Nf3 Nf6 3. c4 e6 4. Bg2 c6 5. O-O dxc4 6. Qc2 Nbd7 7. Qxc4 Nb6 8.
Qc2 Bd6 9. Nc3 Qc7 10. e4 e5 11. Re1 Bd7 12. d3 h6 13. Bd2 O-O-O 14. Rac1 g5
15. b4 Kb8 16. a4 Rc8 17. a5 Na8 18. Qb2 Qd8 19. Na4 Nc7 20. Nxe5 Bxe5 21. Qxe5
Re8 22. Qb2 Nb5 23. Nc5 Be6 24. Be3 Ng4 25. d4 Nxe3 26. fxe3 h5 27. a6 b6 28.
Nb7 Qd7 29. e5 h4 30. Qe2 Bd5 31. Bxd5 Qxd5 32. Qg2 hxg3 33. Qxg3 Rh8 34. e6+
Ka8 35. exf7 Qxf7 36. Nd6 Nxd6 37. Qxd6 Qc7 38. Qxc7 Rxc7 39. e4 Rch7 40. Re2
g4 41. Rxc6 Rh3 42. Rg6 Ra3 43. b5 Rb3 44. Rg5 Rb1+ 45. Kg2 Rb4 46. Rd2 Re8 47.
Rxg4 Rxb5 48. d5 Rc5 49. e5 b5 50. e6 1-0

[Event "Finlux Ladies Cup 1984"]
[Site "Helsinge"]
[Date "1984.10.13"]
[Round "2"]
[White "Hund, Barbara"]
[Black "Dahl, Ingrid"]
[Result "1-0"]
[WhiteElo "2270"]
[BlackElo "1905"]
[PlyCount "84"]
[EventDate "1984.10.12"]
[EventType "tourn"]
[EventRounds "9"]
[EventCountry "DEN"]
[SourceVersionDate "2020.04.14"]

1. f4 Nf6 2. Nf3 d5 3. e3 g6 4. b3 Bg7 5. Bb2 O-O 6. Be2 c5 7. O-O Nc6 8. Qe1
a6 9. Qh4 Nd7 10. Bxg7 Kxg7 11. Nc3 e6 12. Qg3 b5 13. f5 Nf6 14. fxg6 fxg6 15.
Ne5 Nxe5 16. Qxe5 Ra7 17. Rf2 Raf7 18. Raf1 Qc7 19. Qxc7 Rxc7 20. Bg4 Rcf7 21.
Bh3 Re7 22. Nxd5 exd5 23. Bxc8 a5 24. Bg4 Nd7 25. Bxd7 Rxf2 26. Kxf2 Rxd7 27.
Ke2 Re7 28. Kd3 Rd7 29. Rf4 Rd6 30. a4 b4 31. Ke2 Re6 32. h4 Rc6 33. e4 dxe4
34. Rxe4 Kf6 35. d3 Kf7 36. Ke3 Rf6 37. Rf4 Rxf4 38. Kxf4 Kf6 39. g4 h6 40. Ke4
Ke6 41. d4 cxd4 42. Kxd4 h5 1-0

[Event "Finlux Ladies Cup 1984"]
[Site "Helsinge"]
[Date "1984.10.13"]
[Round "2"]
[White "Larsen, Ingrid"]
[Black "Van der Mije, Alexandra"]
[Result "0-1"]
[WhiteElo "1895"]
[BlackElo "2115"]
[PlyCount "68"]
[EventDate "1984.10.12"]
[EventType "tourn"]
[EventRounds "9"]
[EventCountry "DEN"]
[SourceVersionDate "2020.04.14"]

1. c4 e5 2. Nc3 Nf6 3. e4 Bc5 4. Be2 Nc6 5. Nf3 d6 6. O-O a5 7. d3 h6 8. a3 Bd7
9. Bd2 O-O 10. Na2 a4 11. Bb4 Re8 12. b3 Nd4 13. Nxd4 Bxd4 14. Bc3 axb3 15.
Qxb3 Bc5 16. Nb4 Ra7 17. a4 Nh7 18. a5 Ng5 19. Nd5 Ne6 20. Bd2 Nd4 21. Qd1 c6
22. Ne3 b6 23. Bg4 Bxg4 24. Nxg4 bxa5 25. Nxh6+ gxh6 26. Qh5 Qf6 27. Bxh6 Qg6
28. g4 Qxh5 29. gxh5 Kh7 30. Be3 Rg8+ 31. Kh1 Nf3 32. h3 f5 33. exf5 Rag7 34.
f6 Rg2 0-1

[Event "Finlux Ladies Cup 1984"]
[Site "Helsinge"]
[Date "1984.10.13"]
[Round "2"]
[White "Haahr, Merete"]
[Black "Berg, Tine"]
[Result "1/2-1/2"]
[WhiteElo "1965"]
[BlackElo "1900"]
[PlyCount "80"]
[EventDate "1984.10.12"]
[EventType "tourn"]
[EventRounds "9"]
[EventCountry "DEN"]
[SourceVersionDate "2020.04.14"]

1. Nf3 Nf6 2. c4 g6 3. g3 Bg7 4. Bg2 d6 5. O-O e5 6. Nc3 O-O 7. d3 Nbd7 8. Rb1
a5 9. Bd2 Nc5 10. a3 a4 11. Qc2 Bd7 12. Rfe1 Bc6 13. e4 Nb3 14. Nd5 Ng4 15. Bc3
f5 16. h3 fxe4 17. dxe4 Nf6 18. Rbd1 Nxd5 19. cxd5 Bd7 20. Qe2 Qf6 21. Nh2 g5
22. Rf1 Qg6 23. Ng4 h5 24. Ne3 g4 25. h4 Rf7 26. Nf5 Raf8 27. Qe3 Kh7 28. Kh2
Bh6 29. Qe2 Kg8 30. Nxh6+ Qxh6 31. Qe3 Qxe3 32. fxe3 Bb5 33. Rxf7 Rxf7 34. Kg1
Be2 35. Re1 Bd3 36. Bb4 Rf6 37. Rd1 Bc2 38. Re1 Kf7 39. Bh1 Ke7 40. Bg2 c6
1/2-1/2

[Event "Finlux Ladies Cup 1984"]
[Site "Helsinge"]
[Date "1984.10.13"]
[Round "2"]
[White "Theander, Maj"]
[Black "Borisova, Borislava"]
[Result "1-0"]
[WhiteElo "1900"]
[BlackElo "2140"]
[PlyCount "117"]
[EventDate "1984.10.12"]
[EventType "tourn"]
[EventRounds "9"]
[EventCountry "DEN"]
[SourceVersionDate "2020.04.14"]

1. d4 Nf6 2. Bg5 Ne4 3. Bh4 c5 4. f3 Qa5+ 5. c3 g5 6. fxe4 gxh4 7. e3 cxd4 8.
exd4 Rg8 9. Nf3 d6 10. Nbd2 Bh6 11. Nxh4 Bd7 12. Ndf3 Qh5 13. g3 Bg4 14. Bg2
Bg5 15. Qd3 Bf6 16. Kf2 Nd7 17. h3 Be6 18. Rhe1 Rxg3 19. Kxg3 Bxh4+ 20. Nxh4
Qg5+ 21. Kh2 Qxh4 22. Qg3 Qxg3+ 23. Kxg3 Nf6 24. e5 Nh5+ 25. Kh2 O-O-O 26. exd6
Rxd6 27. Re4 Rb6 28. b3 Ra6 29. c4 Nf6 30. Re5 Nd7 31. Rh5 Nf6 32. Rb5 Rd6 33.
Rxb7 Rxd4 34. Rxa7 Rd2 35. Kh1 Nh5 36. Rxe7 Nf4 37. Rg1 Ne2 38. Ra1 Nf4 39. Bf1
Kd8 40. Ra7 Bd7 41. Ra8+ Ke7 42. Rg8 Bc6+ 43. Kg1 Kf6 44. Rg4 Kf5 45. b4 h5 46.
Rg3 h4 47. Rg4 Bf3 48. Rg8 Ng6 49. a4 Kf4 50. c5 Be4 51. b5 Rc2 52. c6 Rc3 53.
Ra2 Rg3+ 54. Kf2 Ne5 55. Rxg3 hxg3+ 56. Ke1 Nf3+ 57. Kd1 Nh4 58. c7 Bb7 59. a5
1-0

[Event "Finlux Ladies Cup 1984"]
[Site "Helsinge"]
[Date "1984.10.13"]
[Round "2"]
[White "Hoiberg, Nina"]
[Black "Needham, Teresa"]
[Result "1-0"]
[WhiteElo "2120"]
[BlackElo "2075"]
[PlyCount "55"]
[EventDate "1984.10.12"]
[EventType "tourn"]
[EventRounds "9"]
[EventCountry "DEN"]
[SourceVersionDate "2020.04.14"]

1. e4 d6 2. d4 Nd7 3. Nc3 c6 4. Nf3 e5 5. Bc4 Be7 6. dxe5 dxe5 7. O-O Ngf6 8.
Bg5 O-O 9. Bh4 Qb6 10. Bb3 Qa5 11. Nd2 b5 12. f4 exf4 13. Rxf4 Ne5 14. Qf1 b4
15. Ne2 Ng6 16. Nc4 Qh5 17. Rxf6 Bxf6 18. Bxf6 gxf6 19. Ng3 Qg5 20. Qf2 Be6 21.
Rf1 Qb5 22. Ne3 Qc5 23. Qe2 Ne5 24. Kh1 Qe7 25. Ngf5 Bxf5 26. Nxf5 Qc7 27. Qh5
Kh8 28. Qh6 1-0

[Event "Finlux Ladies Cup 1984"]
[Site "Helsinge"]
[Date "1984.10.14"]
[Round "3"]
[White "Van der Mije, Alexandra"]
[Black "Theander, Maj"]
[Result "1-0"]
[WhiteElo "2115"]
[BlackElo "1900"]
[PlyCount "53"]
[EventDate "1984.10.12"]
[EventType "tourn"]
[EventRounds "9"]
[EventCountry "DEN"]
[SourceVersionDate "2020.04.14"]

1. e4 c6 2. d4 d5 3. Nc3 dxe4 4. Nxe4 Nd7 5. Nf3 Ngf6 6. Ng3 e6 7. Bd3 Be7 8.
Qe2 Qc7 9. O-O O-O 10. Bg5 h6 11. Bd2 c5 12. c3 b6 13. Rfe1 Bd6 14. Ne5 Bb7 15.
Nh5 Nxh5 16. Qxh5 Nf6 17. Qh3 Rfd8 18. Bxh6 Kf8 19. Bg5 Ke7 20. Qh7 Rg8 21.
Bxf6+ Kxf6 22. Qh4+ g5 23. Qh6+ Ke7 24. Nxf7 Kxf7 25. Qxe6+ Kg7 26. Qg6+ Kh8
27. Qh6+ 1-0

[Event "Finlux Ladies Cup 1984"]
[Site "Helsinge"]
[Date "1984.10.14"]
[Round "3"]
[White "Needham, Teresa"]
[Black "Haahr, Merete"]
[Result "1-0"]
[WhiteElo "2075"]
[BlackElo "1965"]
[PlyCount "69"]
[EventDate "1984.10.12"]
[EventType "tourn"]
[EventRounds "9"]
[EventCountry "DEN"]
[SourceVersionDate "2020.04.14"]

1. e4 c5 2. Nf3 d6 3. d4 Nf6 4. Nc3 cxd4 5. Nxd4 g6 6. Be2 Bg7 7. Be3 O-O 8.
O-O Nc6 9. h3 Bd7 10. Qe1 Rc8 11. Nxc6 Bxc6 12. f3 Qc7 13. Qf2 b6 14. a4 d5 15.
exd5 Nxd5 16. Nxd5 Bxd5 17. c3 Rfd8 18. Ra3 Rb8 19. Rd1 e5 20. Bg5 f6 21. Be3
Bf8 22. Raa1 Bb3 23. Rxd8 Rxd8 24. Qh4 Be7 25. Kh1 f5 26. Qe1 f4 27. Bf2 Qd6
28. a5 Qd2 29. Qf1 Qxb2 30. Rb1 Qxc3 31. Be1 Qc2 32. Rxb3 Kg7 33. Rc3 Qb2 34.
Rc7 Kf6 35. Rxe7 1-0

[Event "Finlux Ladies Cup 1984"]
[Site "Helsinge"]
[Date "1984.10.14"]
[Round "3"]
[White "Borisova, Borislava"]
[Black "Hund, Barbara"]
[Result "1/2-1/2"]
[WhiteElo "2140"]
[BlackElo "2270"]
[PlyCount "57"]
[EventDate "1984.10.12"]
[EventType "tourn"]
[EventRounds "9"]
[EventCountry "DEN"]
[SourceVersionDate "2020.04.14"]

1. Nf3 d5 2. c4 c6 3. cxd5 cxd5 4. Qb3 Nf6 5. Nc3 e6 6. d4 Nc6 7. Bg5 Be7 8. g3
O-O 9. Bg2 Bd7 10. O-O h6 11. Bf4 Na5 12. Qd1 Rc8 13. Rc1 Qb6 14. Ne5 Bc6 15.
b3 Rfd8 16. h4 Be8 17. Qd3 Ba3 18. Rcd1 Nc6 19. Nb1 Be7 20. Nxc6 Rxc6 21. Rc1
Rdc8 22. Rxc6 Rxc6 23. Rc1 Qa5 24. Rxc6 Bxc6 25. Qd2 Qxd2 26. Bxd2 Bb5 27. Bf3
b6 28. Bc1 Bd8 29. Nc3 1/2-1/2

[Event "Finlux Ladies Cup 1984"]
[Site "Helsinge"]
[Date "1984.10.14"]
[Round "3"]
[White "Berg, Tine"]
[Black "Larsen, Ingrid"]
[Result "1-0"]
[WhiteElo "1900"]
[BlackElo "1895"]
[PlyCount "89"]
[EventDate "1984.10.12"]
[EventType "tourn"]
[EventRounds "9"]
[EventCountry "DEN"]
[SourceVersionDate "2020.04.14"]

1. e4 c5 2. Nc3 Nc6 3. g3 d6 4. Bg2 e5 5. Nge2 Be6 6. d3 Nf6 7. O-O d5 8. exd5
Nxd5 9. Ne4 Be7 10. b3 O-O 11. f4 f5 12. Nf2 Qd7 13. c4 Nf6 14. fxe5 Nxe5 15.
d4 cxd4 16. Qxd4 Nc6 17. Qxd7 Bxd7 18. Nf4 Bc5 19. Bb2 Ng4 20. N4d3 Be3 21. h3
Nxf2 22. Nxf2 f4 23. Bd5+ Kh8 24. Kg2 fxg3 25. Ne4 Rae8 26. Nd6 Bf2 27. Nxe8
Rxe8 28. Bf3 Re3 29. Rad1 Bxh3+ 30. Kxh3 Rxf3 31. Rd7 Kg8 32. Rxg7+ Kf8 33.
Rxh7 Ne7 34. Kg2 Rd3 35. Ba3 Rd7 36. Rfh1 Rd2 37. Bxe7+ Ke8 38. Bh4 Be1+ 39.
Kf3 Rf2+ 40. Ke3 Bd2+ 41. Kd3 Bf4 42. Ke4 Bd6 43. Bxg3 Bxg3 44. Rxb7 Rxa2 45.
Rh8# 1-0

[Event "Finlux Ladies Cup 1984"]
[Site "Helsinge"]
[Date "1984.10.14"]
[Round "3"]
[White "Dahl, Ingrid"]
[Black "Hoiberg, Nina"]
[Result "0-1"]
[WhiteElo "1905"]
[BlackElo "2120"]
[PlyCount "113"]
[EventDate "1984.10.12"]
[EventType "tourn"]
[EventRounds "9"]
[EventCountry "DEN"]
[SourceVersionDate "2020.04.14"]

1. e4 e5 2. Nf3 Nc6 3. Bb5 a6 4. Ba4 b5 5. Bb3 Bb7 6. c3 g6 7. O-O Bg7 8. Re1
Nge7 9. d4 d6 10. Be3 Na5 11. Bc2 Nc4 12. Bc1 O-O 13. b3 Nb6 14. dxe5 dxe5 15.
Ba3 Re8 16. Nbd2 Qd7 17. Nf1 Qc6 18. Bb2 Rad8 19. Qe2 Nec8 20. Rad1 Nd6 21. Ng3
Nd7 22. Qe3 Nf8 23. Nd2 f5 24. Qe2 Ne6 25. Qf1 f4 26. Ne2 Qb6 27. Nc1 Ng5 28.
Kh1 Rd7 29. b4 Red8 30. f3 h5 31. Ncb3 Ndf7 32. Qg1 Qf6 33. Qf2 Ne6 34. Nf1 Nd6
35. Na5 Rb8 36. Nxb7 Rxb7 37. Bb3 Kh7 38. Rd2 Rb6 39. Red1 Nf8 40. Qe2 Qd8 41.
a3 g5 42. h3 Qe7 43. c4 bxc4 44. Bxc4 Nxc4 45. Rxd7 Nxd7 46. Qxc4 Rd6 47. Rc1
g4 48. Qe2 gxh3 49. gxh3 Nf8 50. Bc3 Ne6 51. Nd2 Qh4 52. Qg2 Ng5 53. Kh2 Rg6
54. Rg1 Bf6 55. Qf1 Nxh3 56. Rxg6 Ng5+ 57. Kg1 0-1

[Event "Finlux Ladies Cup 1984"]
[Site "Helsinge"]
[Date "1984.10.15"]
[Round "4"]
[White "Hund, Barbara"]
[Black "Van der Mije, Alexandra"]
[Result "1/2-1/2"]
[WhiteElo "2270"]
[BlackElo "2115"]
[PlyCount "36"]
[EventDate "1984.10.12"]
[EventType "tourn"]
[EventRounds "9"]
[EventCountry "DEN"]
[SourceVersionDate "2020.04.14"]

1. e4 e5 2. Bc4 Nf6 3. d3 Nc6 4. Nf3 Bc5 5. c3 O-O 6. O-O Bb6 7. Re1 d6 8. Bb3
Na5 9. Bc2 c5 10. Nbd2 Bc7 11. Nf1 h6 12. Ng3 Nc6 13. Qe2 Nh7 14. Nd2 Ne7 15.
Ndf1 Ng6 16. Nf5 Nf4 17. Bxf4 exf4 18. d4 Bxf5 1/2-1/2

[Event "Finlux Ladies Cup 1984"]
[Site "Helsinge"]
[Date "1984.10.15"]
[Round "4"]
[White "Haahr, Merete"]
[Black "Dahl, Ingrid"]
[Result "1/2-1/2"]
[WhiteElo "1965"]
[BlackElo "1905"]
[PlyCount "82"]
[EventDate "1984.10.12"]
[EventType "tourn"]
[EventRounds "9"]
[EventCountry "DEN"]
[SourceVersionDate "2020.04.14"]

1. g3 d5 2. Nf3 Nf6 3. Bg2 g6 4. c4 Bg7 5. O-O O-O 6. cxd5 Nxd5 7. Nc3 Nxc3 8.
bxc3 c5 9. Rb1 e5 10. Qc2 Qc7 11. Ne1 Nd7 12. d3 Rb8 13. Ba3 Re8 14. Qa4 a6 15.
c4 Nf6 16. Nc2 Bd7 17. Qb3 Bc6 18. Qb6 Qxb6 19. Rxb6 Bxg2 20. Kxg2 Nd7 21. Rb3
b5 22. cxb5 axb5 23. Ne3 b4 24. Bb2 e4 25. Rc1 Ra8 26. Bxg7 Kxg7 27. Rc2 Ra7
28. dxe4 Rxe4 29. Nc4 Rd4 30. e3 Rd1 31. a3 bxa3 32. Rxa3 Rxa3 33. Nxa3 Kf6 34.
Nc4 Ke6 35. e4 Rd4 36. f3 Rd1 37. Kf2 Rh1 38. Ke3 Rb1 39. f4 Rd1 40. Ra2 Re1+
41. Kd3 Rd1+ 1/2-1/2

[Event "Finlux Ladies Cup 1984"]
[Site "Helsinge"]
[Date "1984.10.15"]
[Round "4"]
[White "Hoiberg, Nina"]
[Black "Borisova, Borislava"]
[Result "1-0"]
[WhiteElo "2120"]
[BlackElo "2140"]
[PlyCount "71"]
[EventDate "1984.10.12"]
[EventType "tourn"]
[EventRounds "9"]
[EventCountry "DEN"]
[SourceVersionDate "2020.04.14"]

1. e4 e6 2. Nf3 d5 3. e5 c5 4. b4 cxb4 5. a3 Nc6 6. axb4 Qc7 7. d4 Bxb4+ 8. c3
Be7 9. Na3 h6 10. Nb5 Qd8 11. Ba3 Bxa3 12. Rxa3 Kf8 13. Nd6 g6 14. Bd3 Kg7 15.
g3 h5 16. Nh4 Nh6 17. Qb1 Nf5 18. Nhxf5+ exf5 19. Qa2 Be6 20. Nxb7 Qc7 21. Nc5
a5 22. Ke2 h4 23. Rb1 hxg3 24. hxg3 f4 25. Nxe6+ fxe6 26. Rab3 Rab8 27. gxf4
Rxb3 28. Rxb3 Qf7 29. Qa4 Qxf4 30. Rb7+ Kg8 31. Qxc6 Qg4+ 32. Kd2 Qf4+ 33. Kc2
Qxf2+ 34. Kb3 a4+ 35. Ka3 Qf8+ 36. Kxa4 1-0

[Event "Finlux Ladies Cup 1984"]
[Site "Helsinge"]
[Date "1984.10.15"]
[Round "4"]
[White "Berg, Tine"]
[Black "Needham, Teresa"]
[Result "0-1"]
[WhiteElo "1900"]
[BlackElo "2075"]
[PlyCount "122"]
[EventDate "1984.10.12"]
[EventType "tourn"]
[EventRounds "9"]
[EventCountry "DEN"]
[SourceVersionDate "2020.04.14"]

1. e4 e5 2. Nc3 d6 3. g3 Nf6 4. Bg2 Be7 5. Nge2 c6 6. d4 Qc7 7. a4 a5 8. O-O
O-O 9. h3 Nbd7 10. Be3 b6 11. Qd2 Ba6 12. Rfd1 Rac8 13. g4 b5 14. Ng3 b4 15.
Nce2 Nb6 16. b3 Rfd8 17. Nf5 c5 18. Neg3 Bf8 19. Bg5 Nbd7 20. Nh5 cxd4 21. Nh6+
gxh6 22. Nxf6+ Nxf6 23. Bxf6 Re8 24. Rac1 Qc3 25. f4 Qxd2 26. Rxd2 Be7 27. Bxe7
Rxe7 28. Bf1 Bxf1 29. Rxf1 Rc3 30. Kg2 Re3 31. fxe5 dxe5 32. Rf6 Re6 33. Rf3
Rxe4 34. Rdf2 f6 35. Kg3 Kg7 36. h4 Kg6 37. h5+ Kg7 38. Rd2 Rc6 39. Rfd3 Re1
40. Rf2 Rc1 41. Rdd2 Rc3+ 42. Kg2 Re1 43. Rf3 Rxf3 44. Kxf3 Re3+ 45. Kg2 Kf7
46. Kf2 Rc3 47. Kg2 Ke6 48. Kh2 f5 49. gxf5+ Kxf5 50. Kg2 Kg4 51. Re2 Re3 52.
Rf2 Kxh5 53. Rf7 Kg4 54. Rxh7 Re2+ 55. Kf1 Rxc2 56. Rxh6 e4 57. Rd6 d3 58. Ke1
Kf3 59. Kd1 Ke3 60. Rh6 Rf2 61. Rh3+ Rf3 0-1

[Event "Finlux Ladies Cup 1984"]
[Site "Helsinge"]
[Date "1984.10.15"]
[Round "4"]
[White "Larsen, Ingrid"]
[Black "Theander, Maj"]
[Result "1/2-1/2"]
[WhiteElo "1895"]
[BlackElo "1900"]
[PlyCount "113"]
[EventDate "1984.10.12"]
[EventType "tourn"]
[EventRounds "9"]
[EventCountry "DEN"]
[SourceVersionDate "2020.04.14"]

1. c4 f5 2. Nc3 Nf6 3. d4 b6 4. Nf3 e6 5. e3 Bb7 6. Bd3 Be7 7. O-O O-O 8. Qe2
Ne4 9. Nd2 Nxc3 10. bxc3 Qe8 11. e4 Qg6 12. f4 Re8 13. exf5 exf5 14. Qf2 Bf6
15. Nf3 d6 16. Bb2 Nd7 17. Rae1 h6 18. Nd2 Bh4 19. g3 Bf6 20. Nb3 h5 21. d5 h4
22. Qg2 hxg3 23. hxg3 Kf7 24. Nd4 Bxd4+ 25. cxd4 Nf6 26. Bc3 Rh8 27. Re6 Bc8
28. Re2 Re8 29. Rfe1 Bd7 30. Rxe8 Rxe8 31. Rxe8 Kxe8 32. Be1 Kf7 33. g4 Ne4 34.
Bh4 Nf6 35. g5 Ne4 36. Be1 a5 37. Qh3 Ke7 38. Qe3 Be8 39. c5 Kd7 40. Bb5+ Kd8
41. Bxe8 Qxe8 42. cxb6 cxb6 43. Qb3 Kc7 44. a4 Qh5 45. Qc4+ Kb8 46. Qa6 Qg4+
47. Kh1 Qh3+ 48. Kg1 Qe3+ 49. Kg2 Qxd4 50. Qb5 Qc5 51. Qe8+ Qc8 52. Qb5 Ka7 53.
g6 Qc2+ 54. Kf1 Qc8 55. Qb2 Qc7 56. Qd4 Ka6 57. Qd3+ 1/2-1/2

[Event "Finlux Ladies Cup 1984"]
[Site "Helsinge"]
[Date "1984.10.16"]
[Round "5"]
[White "Borisova, Borislava"]
[Black "Haahr, Merete"]
[Result "1-0"]
[WhiteElo "2140"]
[BlackElo "1965"]
[PlyCount "123"]
[EventDate "1984.10.12"]
[EventType "tourn"]
[EventRounds "9"]
[EventCountry "DEN"]
[SourceVersionDate "2020.04.14"]

1. Nf3 c5 2. g3 g6 3. Bg2 Bg7 4. O-O Nc6 5. c3 d6 6. d4 Qb6 7. d5 Ne5 8. Nxe5
Bxe5 9. Nd2 Bg7 10. e4 Qc7 11. f4 Nh6 12. Nc4 b5 13. Ne3 Rb8 14. Bd2 f5 15. Qc2
O-O 16. Rae1 e5 17. dxe6 Bxe6 18. exf5 Nxf5 19. Nd5 Qd7 20. Rf2 Kh8 21. Rfe2
Bxd5 22. Bxd5 Rbe8 23. Bc1 Rxe2 24. Qxe2 Bf6 25. Qe4 Ne7 26. Be6 Qc6 27. Qxc6
Nxc6 28. Bd7 Ne7 29. Bxb5 d5 30. Re6 Kg7 31. Rd6 d4 32. Bd2 Rb8 33. a4 Rb6 34.
Rxb6 axb6 35. Bc4 Nc6 36. Kf1 Nd8 37. Ke2 Nf7 38. Kd3 Nd6 39. cxd4 Bxd4 40. b4
Bg1 41. bxc5 Bxc5 42. Bc3+ Kf8 43. Bd4 Ke7 44. Bxc5 bxc5 45. a5 Kd7 46. Bd5 Kc7
47. Bg8 h6 48. h4 Kc6 49. Bh7 g5 50. fxg5 hxg5 51. h5 Nf7 52. Bg8 Nh6 53. Bc4
Nf5 54. Be6 Nh6 55. Kc4 g4 56. a6 Kb6 57. a7 Kxa7 58. Kxc5 Kb7 59. Kd6 Kb6 60.
Ke5 Kc7 61. Kf6 Kd6 62. Bb3 1-0

[Event "Finlux Ladies Cup 1984"]
[Site "Helsinge"]
[Date "1984.10.16"]
[Round "5"]
[White "Theander, Maj"]
[Black "Hund, Barbara"]
[Result "0-1"]
[WhiteElo "1900"]
[BlackElo "2270"]
[PlyCount "81"]
[EventDate "1984.10.12"]
[EventType "tourn"]
[EventRounds "9"]
[EventCountry "DEN"]
[SourceVersionDate "2020.04.14"]

1. Nf3 d5 2. g3 Nf6 3. Bg2 c6 4. d3 Bf5 5. O-O h6 6. Nbd2 e6 7. c3 Be7 8. Re1
O-O 9. Qb3 Qb6 10. Ne5 Nbd7 11. Nxd7 Nxd7 12. Qxb6 axb6 13. e4 dxe4 14. Nxe4 b5
15. Bf4 e5 16. Be3 Be6 17. a3 f5 18. Nd2 Bd6 19. f4 Rae8 20. Nf3 Bd5 21. fxe5
Bxe5 22. Nxe5 Nxe5 23. Rad1 Bf3 24. Rd2 Bxg2 25. Kxg2 Ng4 26. Rde2 Rd8 27. Bc5
Rf7 28. Re8+ Rxe8 29. Rxe8+ Kh7 30. h3 Nf6 31. Re7 Kg6 32. Kf3 Nd7 33. Rxf7
Kxf7 34. Bd4 c5 35. Bf2 Ne5+ 36. Ke3 c4 37. d4 Nd3 38. g4 Nxb2 39. gxf5 Nd1+
40. Kf3 Nxc3 41. Be3 0-1

[Event "Finlux Ladies Cup 1984"]
[Site "Helsinge"]
[Date "1984.10.16"]
[Round "5"]
[White "Needham, Teresa"]
[Black "Larsen, Ingrid"]
[Result "1-0"]
[WhiteElo "2075"]
[BlackElo "1895"]
[PlyCount "57"]
[EventDate "1984.10.12"]
[EventType "tourn"]
[EventRounds "9"]
[EventCountry "DEN"]
[SourceVersionDate "2020.04.14"]

1. e4 c5 2. b3 Nc6 3. Bb2 e6 4. Nf3 Nf6 5. d3 Be7 6. Nbd2 d5 7. Be2 O-O 8. O-O
dxe4 9. dxe4 Qc7 10. c3 Rd8 11. Qc2 b6 12. Ne1 Qf4 13. Nd3 Qc7 14. f4 Ba6 15.
e5 Nd5 16. Rf3 c4 17. bxc4 Nxf4 18. Nxf4 Nxe5 19. Rh3 g6 20. Rf1 Bxc4 21. Nxc4
Nxc4 22. Bc1 Bc5+ 23. Kh1 Na3 24. Qb3 Qe7 25. c4 Nxc4 26. Bxc4 Rd6 27. Bb2 Rad8
28. Rxh7 Kxh7 29. Qh3+ 1-0

[Event "Finlux Ladies Cup 1984"]
[Site "Helsinge"]
[Date "1984.10.16"]
[Round "5"]
[White "Van der Mije, Alexandra"]
[Black "Hoiberg, Nina"]
[Result "1-0"]
[WhiteElo "2115"]
[BlackElo "2120"]
[PlyCount "73"]
[EventDate "1984.10.12"]
[EventType "tourn"]
[EventRounds "9"]
[EventCountry "DEN"]
[SourceVersionDate "2020.04.14"]

1. e4 e5 2. Nf3 Nc6 3. Bb5 Nd4 4. Nxd4 exd4 5. O-O c6 6. Bc4 Nf6 7. d3 d6 8.
Nd2 Be7 9. Bb3 O-O 10. Nf3 c5 11. c3 dxc3 12. bxc3 d5 13. e5 Ne8 14. Bf4 Be6
15. Qd2 h6 16. d4 c4 17. Bc2 g5 18. Be3 Ng7 19. h4 g4 20. Ne1 h5 21. g3 Nf5 22.
Ng2 Kh8 23. Bf4 Rg8 24. Bb1 Rg7 25. Qc2 Bxh4 26. Nxh4 Nxh4 27. gxh4 Qxh4 28.
Bg3 Qh3 29. Qd2 Kg8 30. Qh6 Rc8 31. Qf6 b5 32. a3 Bd7 33. Qh4 a5 34. Re1 a4 35.
Bc2 Kh8 36. Re3 Rcg8 37. Qf6 1-0